00634nam a2200169 a 450000100100000000500170001000800410002704000250006810000260009324500990011926000440021830000210026249000270028383000320031095201050034299900170044700003836920201002031235.0130409s1984 dr 000 0 spa d aDO-SdBNPbspacBNPHU1 aDidiez, Nelson96472510aManual breve de lengua creol :bdiccionario creol-español, español-creol /cNelson Didiez. aSanto Domingo :bEditora Taller,c1984. a415 p. ;c28 cm.1 aBiblioteca Tallerv176 0aBiblioteca Tallerv1769164 0010718PDaPDbPDcCTd2013-04-09iLF1l0o p38369-10r2020-06-25w2020-06-25yLFPDZNo se presta c37859d37859